00572 2200193 4500245009400000020002200094250001100116100002300127700002400150650004100174650001000215650001900225005001900244260005700263041001400320084001000334300002500344336000900369 aDasar-Dasar Desain Komunikasi Visual SMK/MAK Kelas X Semester 1cMaylinda AmbarwatihText a978-602-244-999-7 aCet. 1 aMaylinda Ambarwati aRudi Norman Permana aDasar-Dasar Desain Komunikasi Visual aEbook aBuku Pelajaran a20240920071429 aJakartabKementerian Pendidikan dan Kebudayaanc2022 aIndonesia a006.7 axii, 164 hlm. :cPDF atext